| 000 | 00000nam##2200000za#4500 |
| 001 | 9.602714 |
| 003 | CaOODSP |
| 005 | 20210624210718 |
| 007 | cr ||||||||||| |
| 008 | 150406|1996||||xxc|||||o f|0| 0 fre|d |
| 040 | |aCaOODSP|bfre |
| 043 | |an-cn--- |
| 086 | 1 |aF21-4/96-5F-PDF |
| 110 | 1 |aCanada. |bMinistère des finances. |
| 245 | 10|aL'intégration des impôts des sociétés et des particuliers en Europe : |h[ressource électronique]|ble rôle des impôts minimums sur les versements de dividendes / |c[par] Michael P. Devereux ; rédigé pour le Comité technique de la fiscalité des entreprises. |
| 260 | |aOttawa - Ontario : |bFinances Canada |cDécembre 1996. |
| 300 | |a40p.|btableaux |
| 490 | 1 |aDocument de travail|v96-5 |
| 500 | |a«L'étude porte sur les impôts minimums appliqués aux dividendes dans le cadre des systèmes d'imputation en France, en Allemagne, en Italie et au Royaume-Uni.»--Résumé. |
| 504 | |aBibliographie. |
| 520 | 3 |aL'étude porte sur les impôts minimums appliqués aux dividendes dans le cadre des systèmes d'imputation en France, en Allemagne, en Italie et au Royaume-Uni.--Résumé |
| 590 | |a11-30-Supp|b2011-12-02 |
| 691 | 07|aImpôt|2gcpds |
| 691 | 07|aEntreprise|2gcpds |
| 691 | 07|aImputabilité|2gcpds |
| 720 | 1 |aDevereux, Michael P. |
| 775 | 08|tThe integration of corporate and personal taxes in Europe : |w(CaOODSP)9.572337 |
| 776 | 0#|tL'intégration des impôts des sociétés et des particuliers en Europe : |w(CaOODSP)9.624353 |
| 830 | #0|aDocument de travail ;|v96-5|w(CaOODSP)9.503121 |
| 856 | 40|ahttp://publications.gc.ca|qPDF|s116 Ko|uhttps://publications.gc.ca/collections/Collection/F21-4-96-5F.pdf|y96-5 |